M quinas electricas y transformadores / Irving L. Kosow (Registro nro. 12461)
[ vista simple ]
| 000 -LÍDER | |
|---|---|
| fixed length control field | 00637nam a2200181 4500 |
| 008 - ELEMENTOS DE LONGITUD FIJA -- INFORMACIÓN GENERAL | |
| fixed length control field | 01991 1993 0a 000 0Mex |
| 020 ## - NÚMERO INTERNACIONAL NORMALIZADO PARA LIBROS | |
| ISBN | 968-880-293-X |
| 050 ## - SIGNATURA TOPOGRAFICA DE LA BIBLIOTECA DEL CONGRESO (LC) | |
| Número de Clasificación | TK2181 K86 |
| 082 ## - NUMERO DE CLASIFICACION DECIMAL DEWEY | |
| Número de Clasificación | 621.313 K253m |
| 100 ## - ASIENTO PRINCIPAL--NOMBRE PERSONAL | |
| Nombre personal | Kosow, Irving L. |
| 245 ## - TÍTULO | |
| Título | M quinas electricas y transformadores / Irving L. Kosow |
| 250 ## - MENCIÓN DE EDICIÓN | |
| Mención de edición | 2 / de la 2da. en Ingles |
| 260 ## - PUBLICACIÓN, DISTRIBUCIÓN, ETC. (PIE DE IMPRENTA) | |
| Lugar de publicación, distribución, etc. | México : Pearson |
| 300 ## - DESCRIPCIÓN FÍSICA | |
| Extensión | xx, 704 p. / 23 cm. |
| 500 ## - NOTA GENERAL | |
| Nota general | Incluye apendice y respuestas a problemas del libro |
| 650 ## - ASIENTO SECUNDARIO DE MATERIA - TERMINO TEMÁTICO | |
| Término temático o nombre geográfico como elemento de entrada | 1. TRANSFORMADORES \ 2. MAQUINARIA ELECTRICA |
| 700 ## - ASIENTO SECUNDARIO - NOMBRE PERSONAL | |
| Nombre personal | Gonz lez Pozo, Virgilio; Trad. Alvarez Ballesteros, Salvador; Rev, Tec. |
| No. biblioteca | No. biblioteca | Número de clasificación | Código de barras/Número de adquisición | Número de copia | Tipo de material |
|---|---|---|---|---|---|
| LUIS G. INCLAN | LUIS G. INCLAN | 621.313 K253m | 38384 | 31 | Libros |
| LUIS G. INCLAN | LUIS G. INCLAN | 621.313 K253m | 38385 | 32 | Libros |
| LUIS G. INCLAN | LUIS G. INCLAN | 621.313 K253m | 38386 | 33 | Libros |
| LUIS G. INCLAN | LUIS G. INCLAN | 621.313 K253m | 34217 | 26 | Libros |
| LUIS G. INCLAN | LUIS G. INCLAN | 621.313 K253m | 34575 | 27 | Libros |
| LUIS G. INCLAN | LUIS G. INCLAN | 621.313 K253m | 35202 | 28 | Libros |
| LUIS G. INCLAN | LUIS G. INCLAN | 621.313 K253m | 35203 | 29 | Libros |
| LUIS G. INCLAN | LUIS G. INCLAN | 621.313 K253m | 35204 | 30 | Libros |
| LUIS G. INCLAN | LUIS G. INCLAN | 621.313 K253m | 40909 | 34 | Libros |
| LUIS G. INCLAN | LUIS G. INCLAN | 621.313 K253m | 40910 | 35 | Libros |
| LUIS G. INCLAN | LUIS G. INCLAN | 621.313 K253m | 40911 | 36 | Libros |
| LUIS G. INCLAN | LUIS G. INCLAN | 621.313 K253m | 40912 | 37 | Libros |
| LUIS G. INCLAN | LUIS G. INCLAN | 621.313 K253m | 40913 | 38 | Libros |
| LUIS G. INCLAN | LUIS G. INCLAN | 621.313 K253m | 40914 | 39 | Libros |
| LUIS G. INCLAN | LUIS G. INCLAN | 621.313 K253m | 40915 | 40 | Libros |
| LUIS G. INCLAN | LUIS G. INCLAN | 621.313 K253m | 42205 | 41 | Libros |
| LUIS G. INCLAN | LUIS G. INCLAN | 621.313 K253m | 43076 | 42 | Libros |
| LUIS G. INCLAN | LUIS G. INCLAN | 621.313 K253m | 43077 | 43 | Libros |
| LUIS G. INCLAN | LUIS G. INCLAN | 621.313 K253m | 46100 | 44 | Libros |
| LUIS G. INCLAN | LUIS G. INCLAN | 621.313 K253m | 46101 | 45 | Libros |
| LUIS G. INCLAN | LUIS G. INCLAN | 621.313 K253m | 46669 | 46 | Libros |
| LUIS G. INCLAN | LUIS G. INCLAN | 621.313 K253m | 28727 | 22 | Libros |
| LUIS G. INCLAN | LUIS G. INCLAN | 621.313 K253m | 28664 | 24 | Libros |
| LUIS G. INCLAN | LUIS G. INCLAN | 621.313 K253m | 28728 | 23 | Libros |
| LUIS G. INCLAN | LUIS G. INCLAN | 621.313 K253m | 49385 | 47 | Libros |
